Perinatal nursing secrets/ (Record no. 8037)

MARC details
000 -LEADER
fixed length control field 00621nam a2200205 4500
003 - CONTROL NUMBER IDENTIFIER
control field OSt
005 - DATE AND TIME OF LATEST TRANSACTION
control field 20260130063510.0
008 - FIXED-LENGTH DATA ELEMENTS--GENERAL INFORMATION
fixed length control field 260130b |||||||| |||| 00| 0 eng d
020 ## - INTERNATIONAL STANDARD BOOK NUMBER
International Standard Book Number 1-56053-526-1.
040 ## - CATALOGING SOURCE
Original cataloging agency DWC-Main Lib.
Transcribing agency OC
082 ## - DEWEY DECIMAL CLASSIFICATION NUMBER
Classification number Circ. 610.73678 L656p 2003
100 ## - MAIN ENTRY--PERSONAL NAME
Personal name Levasseur, Suzanne M.
245 ## - TITLE STATEMENT
Title Perinatal nursing secrets/
Statement of responsibility, etc. Suzanne M. Levasseur
260 ## - PUBLICATION, DISTRIBUTION, ETC.
Place of publication, distribution, etc. Pa. :
Name of publisher, distributor, etc. Hanley & Belfus Inc.
Date of publication, distribution, etc. c2003.
300 ## - PHYSICAL DESCRIPTION
Extent ix, 371 p. :
Other physical details illustration ;
Dimensions 23 cm.
504 ## - BIBLIOGRAPHY, ETC. NOTE
Bibliography, etc. note Includes index.
650 ## - SUBJECT ADDED ENTRY--TOPICAL TERM
Topical term or geographic name entry element Maternity nursing.
700 ## - ADDED ENTRY--PERSONAL NAME
Personal name Raines, Deborah A.
942 ## - ADDED ENTRY ELEMENTS (KOHA)
Source of classification or shelving scheme Dewey Decimal Classification
Koha item type Book Circulation
Classification part Circ.
Suppress in OPAC No

No items available.